| 000 | 00359nam a22001337a 4500 | ||
|---|---|---|---|
| 008 | 230623b xxu||||| |||| 00| 0 eng d | ||
| 082 |
_a330.96005 _bJAE 2003 |
||
| 110 | _bCentre for the Study of African Economies | ||
| 245 | _aJournal of African Economies | ||
| 260 |
_bOxford University Press _c2003 |
||
| 300 | _a595p | ||
| 440 |
_n4 _v11 |
||
| 942 |
_2ddc _cBK |
||
| 999 |
_c2452 _d2452 |
||